000 00243nam a22000977a 4500
082 _a823
_bLAL/G
100 _aLAL, ANUPA
245 _aTHE GOLDEN WORLD OF STORIES
246 _aTHE GOLDEN WORLD OF STORIES
_bTHE GOLDEN WORLD OF STORIES
942 _cBK
999 _c8370
_d8370